000
00200 a2200097 4500
001
28350
100
_a
Haykin, S S
245
_a
Active Network Theory
260
_a
_b
Wesley
_c
090
_c
18959
_d
18959
942
_a
NUST-CAE
_c
M
_c
9956
999
_c
263423
_d
263423